| 000 | 00371nam a2200133Ia 4500 | ||
|---|---|---|---|
| 008 | 220217s9999||||xx |||||||||||||| ||und|| | ||
| 020 | _a978-81-312-0307-1 | ||
| 082 | _a003.3 ROS | ||
| 100 | _aRoss, Sheldon, M | ||
| 245 | 0 | _aProbability models for computer science | |
| 260 |
_aAcademic press _bNoida _c2009 |
||
| 300 |
_aXII, 288p. _b350 |
||
| 650 | _aMATHEMATICS | ||
| 999 |
_c179215 _d179215 |
||